Economía del género: el valor simbólico y económico de las mujeres
A partir de un enfoque multidisciplinario que toma lo que es útil de aportes elaborados desde la filosofía, la antropología y la economía política por el feminismo radical, el post-estructuralismo, el marxismo critico, la sociología reflexiva y los estudios de genero, la investigación de la que trat...
Guardado en:
| 主要作者: | |
|---|---|
| 格式: | Texto |
| 語言: | Spanish |
| 出版: |
San José :
Editorial UCR,
2007
|
| 主題: | |
| 標簽: |
添加標簽
沒有標簽, 成為第一個標記此記錄!
|
MARC
| LEADER | 00000 a a2200000 04500 | ||
|---|---|---|---|
| 001 | 36350 | ||
| 003 | cru CIDCACS/IIS | ||
| 005 | 20221028170247.0 | ||
| 008 | 190225b2007 CR ||||| |||| 00| 0 spa d | ||
| 020 | |a 9978 9968 46 054 5 | ||
| 040 | |c CRAI/IIS |a CRAI/IIS | ||
| 090 | |a 13.09.02 F634e | ||
| 100 | |a Flórez-Estrada Pimentel, María | ||
| 245 | |a Economía del género: el valor simbólico y económico de las mujeres | ||
| 260 | |a San José : |b Editorial UCR, |c 2007 | ||
| 300 | |a 257 páginas | ||
| 520 | |a A partir de un enfoque multidisciplinario que toma lo que es útil de aportes elaborados desde la filosofía, la antropología y la economía política por el feminismo radical, el post-estructuralismo, el marxismo critico, la sociología reflexiva y los estudios de genero, la investigación de la que trata este libro estudió las ideas y practicas que están presentes en tres empresas establecidas en el Régimen de Zona Franca de la nueva economía costarricense. A pesar de los importantes avances logrados por Costa Rica en el plano del derecho formal a la igualdad entre los sexos, este examen al sector más moderno de la economía expone cuán conservadora sigue siendo la sociedad costarricense cuando se trata del acceso de las mujeres a su autonomía económica | ||
| 650 | |a MUJERES | ||
| 650 | |a EMPLEO | ||
| 650 | |a ECONOMIA | ||
| 650 | |a COSTA RICA | ||
| 942 | |2 z |c LI | ||
| 999 | |c 17561 |d 17561 | ||
